| 000 | 00874nam a2200241 i 4500 | ||
|---|---|---|---|
| 001 | 53907 | ||
| 003 | ES-MaACL | ||
| 005 | 20250728062602.0 | ||
| 007 | t| | ||
| 008 | 031118s2002 sp a |||| | spa d | ||
| 020 | _a84-7788-248-7 | ||
| 080 | _a32 Martínez Gil, Lucio | ||
| 080 | _a32(081) Martínez Gil, Lucio | ||
| 100 | 1 |
_aBorrell Merlin, María Dolores. _930589 |
|
| 245 | 1 | 0 |
_aLucio Martínez Gil _b: representación política (P.S.O.E.) y liderazgo sindical (FTT-UGT), 1883-1957 / _cMaría Dolores Borrell Merlín. |
| 260 |
_a[Toledo] : _bJunta de Comunidades de Castilla-La Mancha, _c[2002] |
||
| 300 |
_a575 p. : _bil. ; _c24 cm. |
||
| 490 | 1 |
_aMonografías ; _v14 |
|
| 600 | 1 | 4 |
_aMartínez Gil, Lucio. _978122 |
| 830 | 0 | 0 |
_aMonografías (Centro de Estudios Benaventanos "Ledo del Pozo") _v14 _9177262 |
| 852 |
_aES-MaACL _jL-26736 |
||
| 999 |
_c53907 _d53907 |
||